The Thames & Hudson dictionary of design since 1900 / (Record no. 352864)

000 -LEADER
fixed length control field 01064 a2200313 4500
003 - CONTROL NUMBER IDENTIFIER
control field OSt
005 - DATE AND TIME OF LATEST TRANSACTION
control field 20180116192349.0
008 - FIXED-LENGTH DATA ELEMENTS--GENERAL INFORMATION
fixed length control field 120531t xxu||||| |||| 00| 0 eng d
010 ## - LIBRARY OF CONGRESS CONTROL NUMBER
LC control number 2004101034
020 ## - INTERNATIONAL STANDARD BOOK NUMBER
International Standard Book Number 0500203792
020 ## - INTERNATIONAL STANDARD BOOK NUMBER
International Standard Book Number 9780500203798
040 ## - CATALOGING SOURCE
Transcribing agency 0
082 00 - DEWEY DECIMAL CLASSIFICATION NUMBER
Classification number 745.403
100 1# - MAIN ENTRY--PERSONAL NAME
Personal name Julier, Guy.
9 (RLIN) 3119
245 14 - TITLE STATEMENT
Title The Thames & Hudson dictionary of design since 1900 /
Statement of responsibility, etc. Guy Julier.
246 3# - VARYING FORM OF TITLE
Title proper/short title Thames and Hudson dictionary of design since 1900
246 3# - VARYING FORM OF TITLE
Title proper/short title Design since 1900
246 3# - VARYING FORM OF TITLE
Title proper/short title Dictionary of design since 1900
250 ## - EDITION STATEMENT
Edition statement 2nd ed.
260 ## - PUBLICATION, DISTRIBUTION, ETC.
Place of publication, distribution, etc. London :
-- New York, N.Y. :
Name of publisher, distributor, etc. Thames & Hudson,
Date of publication, distribution, etc. 2005.
300 ## - PHYSICAL DESCRIPTION
Extent 224 p. :
Other physical details ill. ;
Dimensions 21 cm.
440 #0 - SERIES STATEMENT/ADDED ENTRY--TITLE
Title World of art
9 (RLIN) 3120
500 ## - GENERAL NOTE
General note Rev. ed. of: The Thames and Hudson encyclopaedia of 20th century design and designers. 1993.
650 10 - SUBJECT ADDED ENTRY--TOPICAL TERM
Topical term or geographic name entry element Design
General subdivision History
Chronological subdivision 20th century
9 (RLIN) 3121
650 10 - SUBJECT ADDED ENTRY--TOPICAL TERM
Topical term or geographic name entry element Designers
9 (RLIN) 3122
700 1# - ADDED ENTRY--PERSONAL NAME
Personal name Julier, Guy.
9 (RLIN) 3123
942 ## - ADDED ENTRY ELEMENTS (KOHA)
Institution code [OBSOLETE] SADA
Koha item type Reference
Call number prefix REF 735.403 JUL 2005
Source of classification or shelving scheme
Holdings
Withdrawn status Lost status Source of classification or shelving scheme Damaged status Not for loan Permanent Location Current Location Date acquired Total Checkouts Full call number Barcode Date last seen Cost, replacement price Price effective from Koha item type
          School of Art Design and Architecture (SADA) School of Art Design and Architecture (SADA) 04/14/2011   REF 745.403 JUL 2005 SADA0000910 08/05/2011 861.00 08/05/2011 Reference
© 2023 Central Library, National University of Sciences and Technology. All Rights Reserved.